书目信息 |
| 题名: |
论法的精神
|
|
| 作者: | 孟德斯鸠 著 ;申林 | |
| 分册: | ||
| 出版信息: | 北京 北京出版社 2007.10 |
|
| 页数: | 162页 | |
| 开本: | 24cm | |
| 丛书名: | 经典通读系列丛书 | |
| 单 册: | ||
| 中图分类: | B565.24 | |
| 科图分类: | ||
| 主题词: | 哲学--欧洲 | |
| 电子资源: | ||
| ISBN: | 978-7-200-06965-5 | |
| 000 | 00922 nam 000277 | |
| 001 | 0100010328 | |
| 005 | 20100803170753.84 | |
| 010 | @a978-7-200-06965-5@dCNY21.80 | |
| 100 | @a20100802d1997 em y0chiy0121 ea | |
| 101 | @achi | |
| 102 | @aCN@b110000 | |
| 105 | @ay z 000yy | |
| 200 | 10 | @a论法的精神@Alun fa de jing shen@f(法) 孟德斯鸠著@F(fa)meng de si jiu zhu@g申林@Gshen lin |
| 210 | @a北京@c北京出版社@d2007.10 | |
| 215 | @a162页@d24cm | |
| 225 | @a经典通读系列丛书 | |
| 330 | @a本书提出“追求自由”、“主张法制”、“三权分立”等理论,内容涉及政治、法律、文化、宗教、道德、哲学、历史、地理、经济、军事等社会生活的各个领域。 | |
| 410 | 0 | @12001 @a经典通读系列丛书 |
| 540 | @a论法的精神 | |
| 606 | @a哲学@x欧洲 | |
| 690 | @aB565.24@v4 | |
| 701 | 0 | @a孟德斯鸠@Ameng de si jiu@4著 |
| 702 | @a申林@Ashen lin | |
| 801 | @aCN@bDYGS@c20100803 | |
| 901 | @a210902 | |
| 905 | @b971804-9@dB565.24@eM575-2@f6 | |
| 论法的精神/(法) 孟德斯鸠著/申林.-北京:北京出版社,2007.10 |
| 162页;24cm.-(经典通读系列丛书) |
| ISBN 978-7-200-06965-5:CNY21.80 |
| 本书提出“追求自由”、“主张法制”、“三权分立”等理论,内容涉及政治、法律、文化、宗教、道德、哲学、历史、地理、经济、军事等社会生活的各个领域。 |
| ● |
| 相关链接 |
|
|
|
正题名:论法的精神
索取号:B565.24/M575-2
 
预约/预借
| 序号 | 登录号 | 条形码 | 馆藏地/架位号 | 状态 | 备注 |
| 1 | 971804 | 209718046 | 社科库509/ [索取号:B565.24/M575-2] |
已借出,限还日期为2037.02.16 借出人:中级法院 |
|
| 2 | 971805 | 209718055 | 社科库509/422社科库 46排4列3层/ [索取号:B565.24/M575-2] | 在馆 | |
| 3 | 971806 | 209718064 | 社科库509/422社科库 46排4列3层/ [索取号:B565.24/M575-2] | 在馆 | |
| 4 | 971807 | 209718073 | 社科库509/422社科库 46排4列3层/ [索取号:B565.24/M575-2] | 在馆 | |
| 5 | 971808 | 209718082 | 社科库509/422社科库 46排4列3层/ [索取号:B565.24/M575-2] | 在馆 | |
| 6 | 971809 | 209718091 | 社科库509/422社科库 46排4列3层/ [索取号:B565.24/M575-2] | 在馆 |